Places To Study
There are group study rooms, individual study carrels, computer labs, and other spaces to study in the Libraries.
Reserve A Group Room| 000 -LEADER | |
|---|---|
| fixed length control field | 00977nam a22001817a 4500 |
| 003 - CONTROL NUMBER IDENTIFIER | |
| control field | OSt |
| 005 - DATE AND TIME OF LATEST TRANSACTION | |
| control field | 20251211082814.0 |
| 008 - FIXED-LENGTH DATA ELEMENTS--GENERAL INFORMATION | |
| fixed length control field | 251210b |||||||| |||| 00| 0 eng d |
| 040 ## - CATALOGING SOURCE | |
| Transcribing agency | DCL |
| 082 ## - DEWEY DECIMAL CLASSIFICATION NUMBER | |
| Classification number | ၂၉၄.၃၈၂၃၅၃ |
| 100 ## - MAIN ENTRY--PERSONAL NAME | |
| Personal name | ပညာသာမိမဟာထေ၊ |
| Numeration | ဘဒန္တ။ |
| 245 10 - TITLE STATEMENT | |
| Title | ဇာတကအဘိနဝဋီကာ၊ |
| Number of part/section of a work | (စတုတ္တော ဘာဂေါ) စတ္တာလီသနိပါတဝဏ္ဏနာ-အသီတိနိပါတဝဏ္ဏနာ / |
| Statement of responsibility, etc. | ဘဒန္တပညာသာမိမဟာထေ။ |
| 264 ## - PRODUCTION, PUBLICATION, DISTRIBUTION, MANUFACTURE, AND COPYRIGHT NOTICE | |
| Place of production, publication, distribution, manufacture | မန္တလေး ၊ |
| Name of producer, publisher, distributor, manufacturer | နိုင်ငံတော်ပရိယတ္တိသာသနာ့တက္ကသိုလ်၊ |
| Date of production, publication, distribution, manufacture, or copyright notice | ၂၀၁၈။ |
| 300 ## - PHYSICAL DESCRIPTION | |
| Extent | ၃၀၆ စာမျက်နှာ ၊ |
| Dimensions | ၂၆ စင်တီ။ |
| 500 ## - GENERAL NOTE | |
| General note | အက္ခရာစဉ်အညွှန်းပါသည်။ |
| 650 ## - SUBJECT ADDED ENTRY--TOPICAL TERM | |
| Topical term or geographic name entry element | ဇာတက |
| 942 ## - ADDED ENTRY ELEMENTS (KOHA) | |
| Source of classification or shelving scheme | Dewey Decimal Classification |
| Koha item type | Short Term |
| Suppress in OPAC | No |
| Withdrawn status | Lost status | Source of classification or shelving scheme | Damaged status | Not for loan | Accession No. | Home library | Current library | Shelving location | Date acquired | Total checkouts | Full call number | Barcode | Date last seen | Price effective from | Koha item type |
|---|---|---|---|---|---|---|---|---|---|---|---|---|---|---|---|
| Dewey Decimal Classification | ၂ | Dhammadhara | Dhammadhara | Myanmar Shelves | 10/12/2025 | ၂၉၄.၃၈၂၃၅၃ ပဉ် ၂ | MB00000002 | 10/12/2025 | 10/12/2025 | Short Term |